Statistics for Cities in the Pacific Northwest on a Map

Click here to take the quiz!

General Stats

  • This quiz has been taken 1,426 times
  • The average score is 14 of 30

Answers on the Map

Answers color-coded by a green-red scale on the quiz's map according to % correct below.
 

Answer Stats

GroupPopulationCity% Correct
Biggest Cities766,893Seattle
99%
Biggest Cities181,915Vancouver
97%
Biggest Cities631,486Vancouver
97%
Biggest Cities667,589Portland
96%
Biggest Cities231,773Boise
89%
Biggest Cities177,019Salem
79%
Biggest Cities224,652Spokane
75%
Other Cities85,792Victoria
74%
Biggest Cities222,128Tacoma
71%
Biggest Cities175,803Eugene
66%
Other Cities103,962Bend
48%
Other Cities63,025Idaho Falls
47%
Biggest Cities114,413Everett
42%
Biggest Cities146,773Bellevue
41%
Other Cities95,627Yakima
39%
Biggest Cities517,887Surrey
33%
Other Cities85,518Medford
32%
Other Cities90,280Kamloops
31%
Biggest Cities127,380Kelowna
30%
Biggest Cities129,737Kent
29%
Other Cities51,044Twin Falls
29%
Biggest Cities198,309Richmond
27%
Other Cities84,762Kennewick
26%
Biggest Cities232,755Burnaby
25%
Biggest Cities141,397Abbotsford
24%
Biggest Cities114,835Gresham
24%
Other Cities74,003Prince George
24%
Biggest Cities112,427Hillsboro
22%
Biggest Cities139,284Coquitlam
18%
Other Cities12,220Prince Rupert
17%

Score Distribution

Percentile by Number Answered

Percent of People with Each Score

Your Score History

You have not taken this quiz